Famiglia, sorgente di comunione. (Record n. 217535)

Dettagli MARC
000 -LEADER
campo di controllo lung. fissa 01349nam a2200229Ia 4500
001 - Numero di controllo
campo di controllo a1674-42399
003 - Identificatore del numero di controllo
campo di controllo IT-MiCISF
005 - Data e orario dell'ultima transazione
campo di controllo 20250703122518.0
008 - Elementi di lunghezza fissa--Informazione generale
campo di controllo lung. fissa 161014s9999||||xx |||||||||||||| ||und||
040 ## - Fonte della catalogazione
Agenzia catalografica originale IT-MiCISF
Agenzia che fa la trascrizione IT-MiCISF
041 ## - Codice di lingua
Codice di lingua del testo/traccia sonora o titolo separato it
100 ## - Accesso principale -- nome di persona
Nome di persona Bonetti Renzo
9 (RLIN) 56620
245 #0 - Formulazione del titolo
Titolo Famiglia, sorgente di comunione.
Complemento del titolo Nuove catechesi su matrimonio e famiglia
260 ## - Pubblicazione, distribuzione, ecc. (stampa)
Luogo di pubblicazione, distribuzione, ecc. Cinisello Balsamo (MI),
Nome dell'editore, distributore, ecc. San Paolo,
Data di pubblicazione, distribuzione, ecc. 2004
300 ## - Descrizione fisica
Estensione pp. 156
500 ## - Nota generale
Nota generale / pastorale-familiare, catechesi, ministero-coniugale, famiglia /
520 ## - Riassunto, ecc.
Nota di riassunto, ecc. Il volume raccoglie le catechesi dell'A. (ex-direttore dell'Ufficio nazionale per la pastorale familiare) trasmesse tra gennaio e maggio del 2004 su Radio Maria. Questi i titoli, che testimoniano l'originalità e la profondità dell'approccio dell'A. al tema della famiglia: "Di per sé la famiglia è dono di comunione"; "Il carisma che è la coppia"; "In famiglia si vive la complementarietà"; "In famiglia si vive la condivisione"; "In famiglia si vive la corresponsabilità"; "In famiglia si vive la compresenza"; "L'Incarnazione di Cristo è per gli sposi la "via unitiva"; "La Pasqua di Cristo è per gli sposi la "via oblativa"; "La Pentecoste è per gli sposi la "via effusiva".
650 ## - Accesso aggiunto di soggetto--termine topico
Termine topico o nome geografico come accesso Pastorale-familiare
Termine di ruolo 012
654 ## - Accesso aggiunto di soggetto--termini topici faccettati
Termine principale sussidio
942 ## - Dati aggiuntivi (Koha)
Tipo copia default (Koha) LIBRO
Fonte della classificazione o dello schema di collocazione (segnatura) Dewey Decimal Classification
999 ## - Sys Number locale (Koha)
Koha Dewey Subclass [OBSOLETE] si
Dati di copia
Ritirato (status) Perso (status) Danneggiato (status) Non per il presito Biblioteca proprietaria Biblioteca in cui si trova Data d'acquisizione Totale prestiti Collocazione Data ultima operazione Prezzo in vigore dal Tipo copia default (Koha) Nota pubblica
    Buone Condizioni Not For Loan CISF - Milano CISF - Milano 14/10/2016   a1674-42399 14/10/2016 14/10/2016 LIBRO Data import 15.10.2016 / by Epidotti, Vaglietti
CREDITS: SOCIETA' SAN PAOLO Via A.Severo, 58 - ROMA (RM) & PERIODICI SAN PAOLO SRL Via Giotto, 36 MILANO & CISF Via Giotto, 36 MILANO & EDIZIONI SAN PAOLO SRL,  Piazza Soncino, 5 CINISELLO BALSAMO (MI) -- ITALY